000
00199 a2200097 4500
001
1709
100
_a
French, T.E.
245
_a
Mechanical Drawing
260
_a
_b
Mcgrawhill
_c
090
_c
1246
_d
1246
942
_a
NUST-CAE
_c
M
_c
2736
999
_c
236782
_d
236782